NFL 2023: Rushing Leaders - Statistics

General Stats
  • This quiz has been taken 280 times
    193 since last reset
  • The average score is 8 of 15
Answer Stats
Number Player name Rushing Yards In Ranking since % Correct
23 Christian McCaffrey 1459 Week 1
89%
22 Derrick Henry 1167 Week 4
87%
31 Raheem Mostert 1012 Week 5
59%
4 James Cook 1122 Week 7
58%
7 Bijan Robinson 976 Week 2
56%
0 Deandre Swift 1049 Week 2
55%
5 David Montgomery 1015 Week 11
54%
28 Joe Mixon 1034 Week 8
54%
23 Kyren Williams 1144 Week 13
51%
20 Tony Pollard 1005 Week 10
49%
22 Najae Harris 1035 Week 17
47%
1 Travis Etienne 1008 Week 3
46%
20 Breece Hall 994 Week 18
45%
6 James Conner 1040 Week 18
39%
1 Rachaad White 990 Week 15
34%
No matching quizzes found
Score Distribution
Percent of People with Each Score
Percentile by Number Answered
Your Score History
You have not taken this quiz since the last reset